| 000 | 00428ntaaa2200169 4500 | ||
|---|---|---|---|
| 003 | 01 | ||
| 005 | 20251027201945.0 | ||
| 008 | 0714s1973 ag 01 | ||
| 040 |
_aAR-BaBN _bspa _cAR-BaBN _eaacr _dRIC |
||
| 082 | _a248.0000 K29 | ||
| 100 |
_aKelly, Thomas R. _918148 |
||
| 245 | _aTestament of devotion | ||
| 250 |
_a1 ed. : _bHodder and Stoughton, _cc/941, 1961 |
||
| 300 | _avi, 114 p. | ||
| 650 | _aVida Cristiana | ||
| 942 | _cBK | ||
| 999 |
_c14313 _d14313 |
||